Haggard for your holiday: (Record no. 1561)

000 -LEADER
fixed length control field 00984nam a22003137a 4500
001 - CONTROL NUMBER
control field 297048
003 - CONTROL NUMBER IDENTIFIER
control field OSt
005 - DATE AND TIME OF LATEST TRANSACTION
control field 20210423062639.0
008 - FIXED-LENGTH DATA ELEMENTS--GENERAL INFORMATION
fixed length control field 851010s1969 enk 000 1 eng
010 ## - LIBRARY OF CONGRESS CONTROL NUMBER
LC control number 71482158
015 ## - NATIONAL BIBLIOGRAPHY NUMBER
National bibliography number B69-23033
020 ## - INTERNATIONAL STANDARD BOOK NUMBER
International Standard Book Number 304934186
040 ## - CATALOGING SOURCE
Original cataloging agency DLC
Transcribing agency DLC
Modifying agency DLC
041 ## - LANGUAGE CODE
Language code of text/sound track or separate title eng
050 00 - LIBRARY OF CONGRESS CALL NUMBER
Classification number PZ4.C6225
Item number Hag
Classification number PR6053.L38
080 ## - UNIVERSAL DECIMAL CLASSIFICATION NUMBER
Universal Decimal Classification number 821.111
Item number H-15
082 00 - DEWEY DECIMAL CLASSIFICATION NUMBER
Classification number 823/.9/14
100 1# - MAIN ENTRY--PERSONAL NAME
Personal name Haggard, William.
245 10 - TITLE STATEMENT
Title Haggard for your holiday:
Remainder of title three complete novels,
Statement of responsibility, etc. by William Haggard.
260 ## - PUBLICATION, DISTRIBUTION, ETC.
Place of publication, distribution, etc. London,
Name of publisher, distributor, etc. Cassell,
Date of publication, distribution, etc. 1969.
300 ## - PHYSICAL DESCRIPTION
Extent [7], 566 p.
Dimensions 21 cm.
505 0# - FORMATTED CONTENTS NOTE
Formatted contents note The arena.--The unquiet sleep.--The hard sell.
650 #0 - SUBJECT ADDED ENTRY--TOPICAL TERM
Topical term or geographic name entry element Government investigators
Geographic subdivision Great Britain
General subdivision Fiction.
650 #0 - SUBJECT ADDED ENTRY--TOPICAL TERM
Topical term or geographic name entry element Detective and mystery stories, English.
650 #0 - SUBJECT ADDED ENTRY--TOPICAL TERM
Topical term or geographic name entry element Political fiction, English.
653 ## - INDEX TERM--UNCONTROLLED
Uncontrolled term ინგლისური ლიტერატურა
906 ## - LOCAL DATA ELEMENT F, LDF (RLIN)
a 7
b cbc
c orignew
d 4
e ncip
f 19
g y-gencatlg
942 ## - ADDED ENTRY ELEMENTS (KOHA)
Source of classification or shelving scheme
Koha item type Books
Holdings
Withdrawn status Lost status Source of classification or shelving scheme Damaged status Not for loan Permanent location Current location Date acquired Inventory number Total Checkouts Full call number Barcode Date last seen Price effective from Koha item type
          Ken Walker International University Ken Walker International University 02/19/2021 531   821.111 H-15 531 02/19/2021 02/19/2021 Books

Powered by Koha